Govt. of
Madhya Pradesh

NICOBAR ISLANDS (Record no. 64532)

MARC details
000 -LEADER
fixed length control field 00407nam a22001697a 4500
003 - CONTROL NUMBER IDENTIFIER
control field MACL
005 - DATE AND TIME OF LATEST TRANSACTION
control field 20211207150215.0
008 - FIXED-LENGTH DATA ELEMENTS--GENERAL INFORMATION
fixed length control field 211207b |||||||| |||| 00| 0 eng d
040 ## - CATALOGING SOURCE
Transcribing agency MACL
082 ## - DEWEY DECIMAL CLASSIFICATION NUMBER
Classification number 910/BER
100 ## - MAIN ENTRY--PERSONAL NAME
Personal name BERA,TILAK RANJAN
9 (RLIN) 17824
245 ## - TITLE STATEMENT
Title NICOBAR ISLANDS
Remainder of title In Nature's Kingdom
260 ## - PUBLICATION, DISTRIBUTION, ETC. (IMPRINT)
Place of publication, distribution, etc. New Delhi
Name of publisher, distributor, etc. NIYOGI BOOKS
Date of publication, distribution, etc. 2015
300 ## - PHYSICAL DESCRIPTION
Extent p292
650 ## - SUBJECT ADDED ENTRY--TOPICAL TERM
Topical term or geographic name as entry element Travel
942 ## - ADDED ENTRY ELEMENTS (KOHA)
Source of classification or shelving scheme
Koha item type Books
Holdings
Withdrawn status Lost status Source of classification or shelving scheme Damaged status Not for loan Home library Current library Date acquired Cost, normal purchase price Total Checkouts Full call number Barcode Date last seen Price effective from Koha item type
          MACL MACL 07/12/2021 1995.00   910/BER CRE032358 02/05/2024 07/12/2021 Books